Normal view
MARC view
- SEMICONDUCTOR INDUSTRY CONGRESSES, SEMICONDUCTORS DESIGN AND CONSTRUCTION CONGRESSES. SEMICONDUCTOR TECHNOLOGY
Entry Topical Term
001 - CONTROL NUMBER
- control field: 60914
003 - CONTROL NUMBER IDENTIFIER
- control field: NUST
005 - DATE AND TIME OF LATEST TRANSACTION
- control field: 20210628202641.0
008 - FIXED-LENGTH DATA ELEMENTS
- fixed length control field: 210628|| aca||aabn | a|a d
040 ## - CATALOGING SOURCE
- Original cataloging agency: NUST
- Transcribing agency: NUST
150 ## - HEADING--TOPICAL TERM
- Topical term or geographic name entry element: SEMICONDUCTOR INDUSTRY CONGRESSES, SEMICONDUCTORS DESIGN AND CONSTRUCTION CONGRESSES. SEMICONDUCTOR TECHNOLOGY
670 ## - SOURCE DATA FOUND
- Source citation: Work cat.: (NUST): Gupta, Dinesh C Langer, P.H 60913, Emerging semiconductor technology, 1987
